01281 a2200229 45000010006000000050017000060080041000230030015000640400040000790800064001192450027001830200018002102640076002283000017003045050589003210410008009101000023009187000021009417000028009627000030009907000031010203189620260407155621.0260407a1986 arg spa dAR-UNSa-BCEJYS aAR-UNSa-BCEJYSbspacAR-UNSa-BCEJYS a658xAdministración de empresas. Organización comercial10aCiencia Administrativa a84-7351-190-5 1aMadrid :bInstituto Nacional de Administración Pública (INAP)c1986 a2 v.c21 cm. aVol. I: Parte Preliminar: 1. Las orientaciones de la ciencia administrativa - 2. Epistemología y metodología de la ciencia administrativa - Primera Parte : 1. La función coercitiva - 2. La función ideológica - Vol. II: Primera Parte : 1. El modelo de la organización burocráctico - 2. La búsqueda de otros modelos - Parte Dos: 1. Los modelos de interrelaciones con el entorno - 2. La dinámica de la organización - Parte Tres: 1. Los fundamentos de la demanda social - 2. La construcción de la demanda social - 3. El campo de acción - 4. El proceso decisional. aspa1 aChevalier, Jacques1 aLoschak, Daniele1 aBergere Dezaphi, Joelle1 aGomez Rivas, Jose Vicente1 aOlias de Lima Gete, Blanca